[Event "Open"]
[Site "Vienna AUT"]
[Date "2003.08.16"]
[Round "1"]
[White "Biolek,R"]
[Black "Waller,H"]
[Result "1-0"]
[WhiteElo "1926"]
[BlackElo "2115"]

1.c4 c6 2.d4 d5 3.Nf3 Nf6 4.Nc3 dxc4 5.a4 Bf5 6.e3 e6 7.Bxc4 Bb4 8.O-O Nbd7
9.Qe2 O-O 10.e4 Bg4 11.Rd1 Qa5 12.h3 Bxf3 13.Qxf3 b5 14.Bb3 Rfe8 15.e5 Nd5
16.Ne4 Be7 17.Bg5 Qd8 18.Bxe7 Qxe7 19.axb5 cxb5 20.Bxd5 exd5 21.Nd6 Red8
22.Qxd5 a6 23.Qc6 Qe6 24.f4 f6 25.Rd3 fxe5 26.dxe5 Kf8 27.Rxa6 Rxa6 28.Qxa6 Nc5
29.Qb6 Rc8 30.Rc3 Qd5 31.Nxc8 Qd4+ 32.Kh1  1-0

[Event "ch-FRA"]
[Site "Aix les Bains FRA"]
[Date "2003.08.18"]
[Round "1"]
[White "Bauer,Ch"]
[Black "Fontaine,R"]
[Result "1-0"]
[WhiteElo "2589"]
[BlackElo "2541"]

1.c4 c6 2.e4 d5 3.exd5 cxd5 4.cxd5 Nf6 5.Nc3 Nxd5 6.Nf3 e6 7.Bc4 Be7 8.O-O O-O
9.d4 Nxc3 10.bxc3 Nd7 11.Bd3 b6 12.Be4 Ba6 13.Re1 Rc8 14.Qa4 Bc4 15.Bf4 b5
16.Qxa7 f5 17.Bb7 Rc7 18.Rab1 Bd5 19.Bxc7 Qxc7 20.Rxb5 Bxf3 21.Qa6 Bh5 22.Qxe6+ Rf7
23.Bd5 Nf6 24.Qxe7 Nxd5 25.Qe8+ Rf8 26.Qxh5 Qxc3 27.Qd1 Qb2 28.Rxb2  1-0

[Event "Jezero Open"]
[Site "Belgrade YUG"]
[Date "2003.08.19"]
[Round "6"]
[White "Cvetkovic,Sr"]
[Black "Miljkovic,Mir"]
[Result "1-0"]
[WhiteElo "2409"]
[BlackElo "2414"]

1.c4 c6 2.Nf3 d5 3.b3 Nf6 4.Bb2 Bf5 5.g3 e6 6.Bg2 h6 7.O-O Be7 8.d3 O-O 9.Nbd2 Bh7
10.a3 c5 11.Ne5 Nbd7 12.Rb1 a5 13.Rc1 Rc8 14.cxd5 Nxe5 15.Bxe5 exd5 16.Bh3 Rc6
17.a4 Ne8 18.Nf3 Nd6 19.Qd2 d4 20.Qc2 Nc8 21.Qc4 Nb6 22.Qb5 Nd5 23.Qxb7 Qb6
24.Qxb6 Rxb6 25.Nd2 f6 26.Bg2 Nc3 27.Rxc3 dxc3 28.Bxc3 Kh8 29.Bxa5 Re6 30.Bf3 Ra6
31.Bc7 Bg8 32.Rc1 f5 33.Nc4 Be6 34.a5 Rf7 35.Bb6 Bxc4 36.Rxc4 Bf8 37.d4 cxd4
38.b4 Rf6 39.b5 Raxb6 40.axb6 Rxb6 41.Rc8  1-0

[Event "Jezero Open"]
[Site "Belgrade YUG"]
[Date "2003.08.19"]
[Round "6"]
[White "Mitrovic,R"]
[Black "Grkovic,V"]
[Result "0-1"]
[WhiteElo "1999"]
[BlackElo "2151"]

1.c4 c6 2.Nc3 d5 3.cxd5 cxd5 4.d4 Nf6 5.Nf3 Nc6 6.g3 a6 7.Bg2 Bf5 8.Nh4 Bg6
9.Nxg6 hxg6 10.O-O e6 11.a3 Rc8 12.Bg5 Be7 13.Re1 O-O 14.Rc1 Qb6 15.e4 dxe4
16.Nxe4 Nxe4 17.Bxe7 Nxf2 18.Rxc6 bxc6 19.Kxf2 Rfe8 20.Bc5 Qxb2+ 21.Re2 Qb5
22.a4 Qc4 23.Bf1 Qd5 24.Bg2 Qf5+ 25.Kg1 Red8 26.Re5 Qxe5  0-1

[Event "Open"]
[Site "Vienna AUT"]
[Date "2003.08.20"]
[Round "5"]
[White "Knoflicek,C"]
[Black "Deutschmann,R"]
[Result "1/2-1/2"]
[WhiteElo "2175"]
[BlackElo "2043"]

1.c4 c6 2.Nf3 d5 3.d4 Nf6 4.cxd5 cxd5 5.Nc3 Nc6 6.Bf4 Bf5 7.e3 e6 8.Bb5 Nd7
9.O-O Rc8 10.Qb3 Be7 11.Rfc1 O-O 12.Bxc6 bxc6 13.Qb7 a5 14.Ne5 Nxe5 15.Bxe5 f6
16.Bg3 c5 17.Na4 e5 18.Nxc5 Rb8 19.Qa6 Rxb2 20.Ne6 Rb6 21.Nxd8 Rxa6 22.Rc6 Ra8
23.Ne6 Rfc8 24.Nc7 Bd8 25.Rac1 Bxc7 26.Rxc7 Rxc7 27.Rxc7 exd4 28.exd4 Rc8  1/2-1/2

[Event "XI Open A"]
[Site "Mislata ESP"]
[Date "2003.08.21"]
[Round "3"]
[White "Sanchez Guirado,F"]
[Black "Martin Perez,J"]
[Result "1-0"]
[WhiteElo "2383"]
[BlackElo "2251"]

1.c4 c6 2.e4 d5 3.exd5 cxd5 4.d4 Nf6 5.Nc3 e6 6.Nf3 Be7 7.cxd5 Nxd5 8.Bd3 Nc6
9.O-O O-O 10.Re1 Bf6 11.Be4 Nce7 12.Qd3 g6 13.Bh6 Bg7 14.Bxg7 Kxg7 15.Ne5 Qd6
16.Rac1 Bd7 17.Bxd5 Nxd5 18.Nxd5 Qxd5 19.Rc5 Qd6 20.h4 Rac8 21.Qc3 f6 22.Nxd7 Qxd7
23.h5 b6 24.Rc4 Rfd8 25.Re3 e5 26.h6+ Kh8 27.dxe5 Qd1+ 28.Kh2 Qh5+ 29.Rh3 Rxc4
30.Qxc4 Qxe5+ 31.f4 Qd6 32.Re3 Qf8 33.Rh3 Qd6 34.Kg1 Qd1+ 35.Qf1 Qc2 36.Rc3 Qxb2
37.Qd3 Rg8 38.Qd4 Qb1+ 39.Kh2 Qf5 40.g4 Qe6 41.Re3 Qxa2+ 42.Kg3 Qf7 43.g5 Re8
44.Rxe8+  1-0

[Event "14th Sommerpokal"]
[Site "Recklinghausen GER"]
[Date "2003.08.21"]
[Round "4"]
[White "Rebber,C"]
[Black "Bischof,R"]
[Result "1/2-1/2"]
[WhiteElo "2136"]
[BlackElo "2018"]

1.c4 c6 2.d4 d5 3.cxd5 cxd5 4.Nc3 Nc6 5.Nf3 Nf6 6.g3 Bf5 7.Bg2 e6 8.O-O Be7
9.Qb3 Qb6 10.Qxb6 axb6 11.Bf4 O-O 12.Rfd1 Rfc8 13.h3 h6 14.g4 Bg6 15.Nb5 Ne8
16.Ne5 Nxe5 17.dxe5 Rc6 18.Nd4 Rc7 19.Be3 Bc5 20.a3 Bxd4 21.Bxd4 b5 22.e3 f6
23.Bf1 fxe5 24.Bxe5 Rc2 25.Bxb5 Nf6 26.f3 Kf7 27.Rac1 Rac8 28.Bc3 Ng8 29.Rxc2 Bxc2
30.Rc1 Bb3 31.Bd2 Rxc1+ 32.Bxc1 Ne7 33.Kf2 Nc6 34.Bd2 e5 35.Bd3 g5 36.Bf5 d4
37.Bc8 b6 38.Bb7 Na5 39.Ba6 Nc4 40.Bxc4+ Bxc4 41.exd4 exd4  1/2-1/2

[Event "ADCF Masters"]
[Site "Abu Dhabi UAE"]
[Date "2003.08.22"]
[Round "6"]
[White "Mohandesi,S"]
[Black "Coleman,J"]
[Result "1/2-1/2"]
[WhiteElo "2337"]
[BlackElo "2211"]

1.c4 c6 2.g3 Nf6 3.Bg2 d5 4.Nf3 dxc4 5.O-O Be6 6.Qc2 Bd5 7.a4 Na6 8.Na3 Nb4
9.Qc3 Ne4 10.Qe3 e6 11.Ne5 Nd6 12.Qf4 Bxg2 13.Kxg2 Be7 14.Nexc4 Nxc4 15.Qxc4 Qd5+
16.f3 Qxc4 17.Nxc4 Nc2 18.Rb1 Nd4 19.e3 Nb3 20.d4 c5 21.dxc5 Bxc5 22.Rd1 Rd8
23.Rxd8+ Kxd8 24.Kf2 Bb4 25.Bd2 Bxd2 26.Nxd2 Nxd2 27.Rd1 Ke7 28.Rxd2 Rc8
29.Ke2 Rc4 30.b3 Rc3 31.Rb2 Rc1 32.Kd3 Kd6 33.b4 Ra1 34.a5 Ra3+ 35.Ke2 a6
36.h4 g6 37.f4 h5 38.Rd2+ Ke7 39.Kf3 Rb3 40.Rd4 Rb2 41.g4 hxg4+ 42.Kxg4 Rg2+
43.Kf3 Rc2 44.Kg3 Re2 45.Kf3 Rb2  1/2-1/2

[Event "ADCF Masters"]
[Site "Abu Dhabi UAE"]
[Date "2003.08.22"]
[Round "6"]
[White "Nadir,S"]
[Black "Rause,O"]
[Result "0-1"]
[WhiteElo "2171"]
[BlackElo "2222"]

1.c4 c6 2.e4 d5 3.cxd5 cxd5 4.exd5 Nf6 5.Bb5+ Nbd7 6.Nc3 a6 7.Qa4 Rb8 8.Bxd7+ Qxd7
9.Qxd7+ Bxd7 10.d4 Bf5 11.Nge2 Rd8 12.Nf4 g5 13.Nfe2 Rg8 14.O-O Nxd5 15.Nxd5 Rxd5
16.Be3 f6 17.Rac1 Rd7 18.Nc3 e6 19.Na4 Bd6 20.Nb6 Rd8 21.Rc3 Be4 22.Nc4 Bb8
23.Na5 Bd5 24.Rfc1 Rg7 25.b3 Rgd7 26.f3 Ba7 27.a4 Bb6 28.b4 Ba7 29.Kf1 Bb8
30.h3 Bd6 31.Rb1 Rc7 32.Rxc7 Bxc7 33.Nb3 Bd6 34.Nc5 b6 35.Ne4 Be7 36.Ke2 Rc8
37.Rc1 Rxc1 38.Bxc1 Bxe4 39.fxe4 Bxb4 40.e5 fxe5 41.dxe5 Be7 42.Ke3 b5 43.axb5 axb5
44.Kd3 Kd7 45.g4 Kc6 46.Ke4 Bd8 47.Kd3 Kd5 48.Bd2 Bc7 49.Be3 h6 50.Bd2 Bxe5  0-1

[Event "Jezero Open"]
[Site "Belgrade YUG"]
[Date "2003.08.22"]
[Round "9"]
[White "Mozetic,D"]
[Black "Damjanovic,D"]
[Result "1/2-1/2"]
[WhiteElo "2448"]
[BlackElo "2276"]

1.c4 c6 2.Nf3 d5 3.e3 Nf6 4.Nc3 g6 5.d4 Bg7 6.Be2 O-O 7.O-O dxc4 8.Bxc4 Bg4
9.h3 Bxf3 10.Qxf3 Nbd7 11.Rd1 e5 12.d5 e4 13.Nxe4 Nxe4 14.Qxe4 Nb6 15.Bb3 cxd5
16.Qf3 Qf6 17.Qxf6 Bxf6 18.Rb1 Rfd8 19.Bd2 Nc4 20.Bc3 Bxc3 21.bxc3 b5 22.a4 bxa4
23.Bxa4 Nb6 24.Bb5 Rdc8 25.Rb3 Rc7 26.Ra1 a5 27.Be2 Nd7 28.Bf3 Nf6 29.Rb5 Rxc3
30.Rbxa5 Rxa5 31.Rxa5 Rc1+ 32.Kh2 Rc2 33.Kg3 Rd2 34.Ra4 Rc2 35.Rd4 Rc4 36.Rd2 Rc5
37.Kf4 Kg7 38.g4 h6 39.h4 Ra5 40.g5 hxg5+ 41.hxg5 Ne4 42.Bxe4  1/2-1/2

[Event "Independence Cup"]
[Site "Kyiv UKR"]
[Date "2003.08.22"]
[Round "10"]
[White "Kislinsky,A"]
[Black "Drozdovskij,Y"]
[Result "0-1"]
[WhiteElo "2401"]
[BlackElo "2458"]

1.c4 c6 2.e4 d5 3.exd5 cxd5 4.d4 Nf6 5.Nc3 e6 6.Nf3 Be7 7.cxd5 exd5 8.Bd3 Nc6
9.h3 h6 10.O-O O-O 11.Bf4 Be6 12.Re1 Re8 13.Rc1 Rc8 14.Bb1 Bf8 15.Qd3 g6
16.Qd2 Kh7 17.Re2 Na5 18.Ne5 Nc4 19.Nxc4 dxc4 20.Rce1 Qd7 21.Bc2 Bf5 22.Rxe8 Rxe8
23.Rxe8 Nxe8 24.Ba4 Qd8 25.Qe2 Nd6 26.Bxd6 Bxd6 27.Qxc4 Be6 28.d5 Bf5 29.g4 Qh4
30.Qf1 Bxg4 31.Ne4 Bxh3 32.Qe2 Bh2+ 33.Kh1 Bf5 34.Nf6+ Qxf6  0-1

[Event "II American Continental"]
[Site "Buenos Aires ARG"]
[Date "2003.08.23"]
[Round "6"]
[White "Frey,H"]
[Black "Labollita,M"]
[Result "1-0"]
[WhiteElo "2342"]
[BlackElo "2454"]

1.c4 c6 2.Nf3 d5 3.d4 Nf6 4.Qb3 dxc4 5.Qxc4 Bf5 6.g3 e6 7.Bg2 Nbd7 8.O-O Be7
9.Qb3 Qb6 10.Nbd2 Qa6 11.Nc4 Be4 12.Nfe5 Bd5 13.Qc2 b5 14.Nxd7 Nxd7 15.Nd2 Bxg2
16.Kxg2 c5 17.dxc5 Nxc5 18.Nf3 Rc8 19.Be3 Na4 20.Qb3 O-O 21.Rac1 Bf6 22.Bd4 Qb7
23.Bxf6 gxf6 24.Qb4 Qd5 25.b3 Nb6 26.Qe7 Kg7 27.Qxa7 Rc6 28.Rcd1 Qe4 29.Rd4 Qc2
30.Rg4+ Kh8 31.Qe7  1-0

[Event "2nd It"]
[Site "Pays de Charleroi FRA"]
[Date "2003.08.24"]
[Round "3"]
[White "Le Quang,K"]
[Black "Cappon,J"]
[Result "1/2-1/2"]
[WhiteElo "2244"]
[BlackElo "2216"]

1.c4 c6 2.g3 d5 3.Bg2 Nf6 4.Nf3 Nbd7 5.cxd5 cxd5 6.d4 g6 7.Nc3 Bg7 8.O-O O-O
9.Bf4 a6 10.Rc1 e6 11.Qd3 b5 12.Bd6 Re8 13.e4 Bb7 14.Nd2 Nb6 15.e5 Nfd7 16.b3 Nc8
17.Ba3 Qb6  1/2-1/2

[Event "Acropolis Open"]
[Site "Athens GRE"]
[Date "2003.08.28"]
[Round "4"]
[White "Tzermiadianos,Ang"]
[Black "Kokolias,K"]
[Result "1/2-1/2"]
[WhiteElo "2201"]
[BlackElo "2127"]

1.c4 c6 2.e4 d5 3.exd5 cxd5 4.d4 Nf6 5.Nc3 e6 6.Nf3 Bb4 7.Qc2 O-O 8.a3 Bxc3+
9.Qxc3 Ne4 10.Qc2 Nd7 11.Bd3 Ndf6 12.c5 a5 13.Ne5 Nd7 14.Bxe4 dxe4 15.Qxe4 Nxe5
16.dxe5 Bd7 17.O-O Qc7 18.Be3 Bc6 19.Qf4 Rfd8 20.Rfd1 Rd5 21.Rxd5 Bxd5 22.h4 f6
23.Bd4 Rf8 24.Qg3 a4 25.Re1 f5 26.f4 Qf7 27.Qg5 h5 28.Re3 Kh7 29.Bc3 Ra8
30.Rd3 Qg6 31.Qxg6+ Kxg6 32.Kf2 Kf7 33.g3 Ke7 34.Rd4 Ra6 35.Rb4 Kd7 36.Ke3 Kc6
37.Bd4 Kc7 38.Kd2 Kc6 39.Kc3 Ba2 40.Be3 Bd5  1/2-1/2

[Event "1st League TCh-SCG"]
[Site "Budva SCG"]
[Date "2003.08.29"]
[Round "1"]
[White "Nikolic,N BIH"]
[Black "Markus,R"]
[Result "1/2-1/2"]
[WhiteElo "2392"]
[BlackElo "2500"]

1.c4 c6 2.e4 d5 3.exd5 cxd5 4.d4 Nf6 5.Nc3 e6 6.Nf3 Bb4 7.Bd3 dxc4 8.Bxc4 O-O
9.O-O b6 10.Bg5 Bxc3 11.bxc3 Nbd7 12.Ne5 Qc7 13.Nxd7 Nxd7 14.Bd3 Bb7 15.Re1  1/2-1/2

[Event "ch-IRI"]
[Site "Mashad IRI"]
[Date "2003.09.01"]
[Round "10"]
[White "Niknaddaf,A"]
[Black "Mooses,G"]
[Result "1-0"]
[WhiteElo "2324"]
[BlackElo "2207"]

1.c4 c6 2.d4 d5 3.Nf3 Nf6 4.e3 a6 5.Bd3 b5 6.cxb5 cxb5 7.Ne5 Nbd7 8.f4 e6
9.O-O Bd6 10.Nd2 Bb7 11.Qf3 O-O 12.g4 Ne8 13.Qh3 g6 14.Ndf3 f5 15.Bd2 Nef6
16.Ng5 Qe7 17.Rac1 Ne4 18.Bxe4 dxe4 19.Nc6 Bxc6 20.Rxc6 Nf6 21.gxf5 exf5
22.Rfc1 Ra7 23.Ba5 Nh5 24.d5 Nxf4 25.exf4 Bxf4 26.Ne6 Bxc1 27.Rxc1 Rd7 28.Nxf8 Qg5+
29.Kf2 Qxc1 30.Nxd7 Qxb2+ 31.Ke1 Qb1+ 32.Ke2 Qxa2+ 33.Bd2 Qc4+ 34.Ke1 b4
35.Qg3 Kf7  1-0

[Event "12th Monarch Assurance"]
[Site "Port Erin IOM"]
[Date "2003.09.02"]
[Round "6"]
[White "Kogan,Ar"]
[Black "Fridman,D2"]
[Result "1/2-1/2"]
[WhiteElo "2534"]
[BlackElo "2592"]

1.c4 c6 2.d4 d5 3.Nf3 Nf6 4.Nc3 e6 5.cxd5 exd5 6.Bg5 h6 7.Bh4 Bf5 8.Qb3 g5
9.Bg3 Qb6 10.Nd2 Nbd7  1/2-1/2

[Event "1st League TCh-SCG"]
[Site "Budva SCG"]
[Date "2003.09.03"]
[Round "6"]
[White "Nikcevic,N"]
[Black "Pavlovic,Dej"]
[Result "1/2-1/2"]
[WhiteElo "2446"]
[BlackElo "2244"]

1.c4 c6 2.e4 d5 3.exd5 cxd5 4.cxd5 Nf6 5.Nc3 Nxd5 6.Nf3 e6 7.d4 Be7 8.Bd3 Nc6
9.O-O O-O 10.Re1 Nf6 11.a3 b6 12.Bg5 Bb7 13.Bc2 Rc8 14.Qd3 g6 15.Bh6 Re8
16.Rad1 Qc7 17.h3 Red8 18.Qe2 Na5 19.Ne5 Bf8 20.Bg5 Bg7 21.Bb1 Re8 22.Nb5 Qd8
23.Nxa7 Qd5 24.Qf1 Ra8 25.Bxf6 Bxf6 26.Be4 Qb3 27.Bxb7 Rxa7 28.Bc6 Nxc6 29.Nxc6 Rc7
30.Nb4 Rd8 31.Rd3 Qc4 32.Rc3 Qxf1+ 33.Kxf1 Rxc3 34.bxc3 Rc8 35.Re3 Bg5 36.Rd3 Bc1
37.Ke2 Bxa3 38.Nc2 Bd6  1/2-1/2

[Event "56th ch-RUS"]
[Site "Krasnoyarsk RUS"]
[Date "2003.09.03"]
[Round "1"]
[White "Rustemov,A"]
[Black "Klimov,S"]
[Result "1/2-1/2"]
[WhiteElo "2604"]
[BlackElo "2512"]

1.c4 c6 2.Nf3 d5 3.b3 Nf6 4.Bb2 Bg4 5.e3 e6 6.h3 Bh5 7.Be2 Nbd7 8.a3 h6 9.d3 Bd6
10.g4 Bg6 11.Rg1 e5 12.Nbd2 O-O 13.Nh4 a5 14.Ndf3 e4 15.dxe4 Bxe4 16.g5 hxg5
17.Rxg5 Re8 18.cxd5 Bxd5 19.Rxg7+ Kxg7 20.Nf5+ Kf8 21.Nxd6 Re6 22.Nf5 Bxf3
23.Bxf3 Ne5 24.Be2 Qd5 25.Qxd5 Nxd5 26.Rd1 f6 27.Rd4 Ne7 28.Ng3 c5 29.Rh4 N7g6
30.Rh6 Rd8 31.Bc3 Ne7 32.Bxe5 Rxe5 33.Rxf6+ Kg7 34.Rb6 Rb8 35.Nh5+ Kf8 36.Rh6 Ng8
37.Rh8 b5 38.Nf6 Kg7 39.Rxg8+ Rxg8 40.Nxg8 c4 41.bxc4 b4 42.axb4 axb4 43.Kd2 Kxg8
44.Kc2 Rf5 45.f4 Ra5 46.Kb3 Ra3+ 47.Kxb4 Rxe3 48.Bg4 Kf7 49.Kb5 Ke7 50.c5 Re4
51.f5 Rf4 52.Kc6 Rd4 53.Kb6 Rb4+ 54.Kc7 Rf4 55.c6 Rf2 56.Kc8 Rc2 57.Kc7 Rf2
58.Kb6 Kd6 59.f6 Rb2+ 60.Ka5 Kxc6  1/2-1/2

[Event "56th ch-RUS"]
[Site "Krasnoyarsk RUS"]
[Date "2003.09.05"]
[Round "3"]
[White "Ionov,S"]
[Black "Klimov,S"]
[Result "1/2-1/2"]
[WhiteElo "2556"]
[BlackElo "2512"]

1.c4 c6 2.e4 d5 3.exd5 cxd5 4.cxd5 Nf6 5.Nc3 Nxd5 6.Nf3 e6 7.d4 Be7 8.Bd3 O-O
9.O-O Nc6 10.Re1 Nf6 11.Bg5 b6 12.a3 Bb7 13.Bc2 Rc8 14.Qd3 g6 15.Rad1 Re8
16.h4 Qd6 17.Qe2 Rcd8 18.Ne4 Nxe4 19.Bxe4 Na5 20.Bxb7 Nxb7 21.d5 Bxg5 22.hxg5 Qb8
23.dxe6 Rxe6 24.Qc4 Nc5 25.b4 Rxd1 26.Rxd1 Ne4  1/2-1/2

[Event "56th ch-RUS"]
[Site "Krasnoyarsk RUS"]
[Date "2003.09.06"]
[Round "4"]
[White "Landa,K"]
[Black "Potkin,V"]
[Result "0-1"]
[WhiteElo "2614"]
[BlackElo "2518"]

1.c4 c6 2.e4 d5 3.cxd5 cxd5 4.exd5 Nf6 5.Nc3 Nxd5 6.Nf3 Nc6 7.Bb5 e6 8.O-O Be7
9.d4 O-O 10.Re1 Qc7 11.Bd2 Rd8 12.Rc1 Qb6 13.Qa4 Nxc3 14.Bxc3 Bf6 15.Ne5 Bxe5
16.dxe5 Bd7 17.Bd3 Be8 18.Qe4 g6 19.h4 Ne7 20.h5 Bc6 21.Qh4 Rxd3 22.Qxe7 Rg3
23.Qh4 Rxg2+ 24.Kf1 Qb5+ 25.Re2 Bf3 26.Rc2 Rg4 27.Qf6 Bxe2+ 28.Rxe2 Re4  0-1

[Event "56th ch-RUS"]
[Site "Krasnoyarsk RUS"]
[Date "2003.09.08"]
[Round "5"]
[White "Rustemov,A"]
[Black "Bezgodov,A"]
[Result "1/2-1/2"]
[WhiteElo "2604"]
[BlackElo "2542"]

1.c4 c6 2.d4 d5 3.Nc3 Nf6 4.e3 Bf5 5.cxd5 cxd5 6.Qb3 Bc8 7.Nf3 Nc6 8.Ne5 e6
9.f4 Be7 10.Bd3 O-O 11.O-O Nd7 12.Bd2 Ndxe5 13.fxe5 Bd7 14.Rf3 g6 15.Raf1 Qb6
16.Qxb6 axb6 17.a3 Kg7 18.Kf2 f6 19.exf6+ Rxf6 20.Ke2 Rxf3 21.gxf3 Bf6 22.Rc1 Rf8
23.Be1 Bg5 24.Rc2 e5 25.Nxd5 exd4 26.Nxb6 Bh3 27.Rc5 Bxe3 28.Nc4 Bg1 29.Rb5 Rf7
30.Bg3 Bg2 31.Be4 d3+ 32.Kd2 Bxf3 33.Bxf3 Rxf3 34.Rxb7+ Kh6 35.a4 Kg5 36.a5 h5
37.a6 Bd4 38.Rc7 Bc5 39.Bd6 Rf2+ 40.Kxd3 Nb4+ 41.Ke4 Bxd6 42.Nxd6 Nxa6 43.Rc6 Nb4
44.Rb6 Kg4 45.b3 Rf4+ 46.Ke5 Nd3+ 47.Kd5 Kf3 48.Nc4 g5 49.Re6 Nb4+ 50.Kc5 Nd3+
51.Kd5 Nb4+ 52.Kc5  1/2-1/2

[Event "ch-Nordic"]
[Site "Aarhus DEN"]
[Date "2003.09.09"]
[Round "4"]
[White "Lehtinen,H"]
[Black "Kallio,H"]
[Result "1-0"]
[WhiteElo "2362"]
[BlackElo "2471"]

1.c4 c6 2.g3 d5 3.Bg2 e5 4.cxd5 cxd5 5.d4 e4 6.f3 f5 7.Nh3 Nf6 8.Bg5 Qb6
9.Qd2 Nc6 10.Bxf6 gxf6 11.Nc3 Be6 12.Nf4 Bh6 13.e3 Ne7 14.O-O-O Bf7 15.Rdf1 Bxf4
16.gxf4 Nc8 17.fxe4 dxe4 18.Rf2 Nd6 19.Bf1 Bc4 20.Rg2 Rc8 21.Kb1 Rf8 22.Bxc4 Nxc4
23.Qe2 Kd8 24.Rc1 Qa6 25.b3 Na3+ 26.Kb2 b5 27.Rgg1 Qa5 28.Nd5 b4 29.Rxc8+ Kxc8
30.Rc1+ Kb7 31.Rc5 Qd8 32.Nxb4 Ka8 33.Kxa3 Qb6 34.Qb5 Rg8 35.Qxb6 axb6 36.Rxf5 Rg2
37.Rh5 f5 38.Rxh7 b5 39.Nd5 Kb8 40.h4 Rg6 41.Kb4 Rb6 42.Rh8+ Kb7 43.Nxb6 Ka6
44.Nd5 Kb7 45.Kxb5 Ka7 46.Rh7+ Kb8 47.Rg7 Ka8 48.h5 Kb8 49.h6 Kc8 50.h7 Kd8
51.h8=Q+  1-0

[Event "LXXVII ch-ARG"]
[Site "Tres de Febrero ARG"]
[Date "2003.09.09"]
[Round "7"]
[White "Diaz,Nah"]
[Black "Labollita,M"]
[Result "1/2-1/2"]
[WhiteElo "2375"]
[BlackElo "2454"]

1.c4 c6 2.Nf3 d5 3.e3 Nf6 4.Nc3 a6 5.b3 Bg4 6.Be2 Nbd7 7.O-O e6 8.Bb2 Bd6
9.h3 Bh5 10.d3 O-O 11.Re1 Qe7 12.a3 a5 13.cxd5 exd5 14.Nh4 Bg6 15.Bf1 Qe5
16.g3 Bh5 17.Qc2 Qg5 18.Bg2 Bg6 19.e4 dxe4 20.dxe4 Qc5 21.Qd2 Be5 22.Kh2 Rfe8
23.Na4 Qb5 24.Bxe5 Nxe5 25.f4 Rad8 26.Qc3 Nd3 27.f5 Nxe1 28.Rxe1 Rd3 29.Qc1 Qe5
30.Nf3 Rxf3 31.Bxf3 Bxf5 32.Nc5 Bc8 33.Nd3 Qd4 34.e5 Ng4+ 35.Bxg4 Bxg4 36.Qc4 Qxc4
37.bxc4 Be6 38.c5 Rd8 39.Nf4 Rd2+ 40.Kg1 Bc4 41.Re4 Rc2 42.Rd4 h6 43.Rd7 Be6
44.Rxb7 Rxc5 45.Nxe6 fxe6 46.Rc7 Rxe5 47.Rxc6 Kf7 48.Kf2 Rb5 49.Ra6 Rb2+
50.Kg1 Rb3 51.Rxa5 Rxg3+ 52.Kh2 Rb3 53.h4 Kf6 54.h5 e5 55.Kg2 e4 56.Ra6+ Kf5
57.Ra7 Kf4 58.Rxg7 Rb2+ 59.Kh3 Rb5 60.Rf7+ Ke3 61.Kh4 Kd2 62.Rd7+ Ke2 63.Rd6 e3
64.Rxh6 Re5 65.Rb6 Kf2 66.h6 e2 67.Rb1 e1=Q 68.Rxe1 Rxe1 69.Kg5 Ke3 70.h7 Rh1
71.Kg6 Kd4 72.Kg7 Kc4 73.h8=Q Rxh8 74.Kxh8 Kb3  1/2-1/2

[Event "14th ch-NATO"]
[Site "Hoevelte DEN"]
[Date "2003.09.10"]
[Round "4"]
[White "Nill,O"]
[Black "Hole,O"]
[Result "1/2-1/2"]
[WhiteElo "2198"]
[BlackElo "2289"]

1.c4 c6 2.Nc3 d5 3.d4 Nf6 4.Nf3 dxc4 5.e4 b5 6.Qc2 e6 7.Bg5 Be7 8.a4 b4 9.Nb1 b3
10.Qxc4 Nxe4 11.Bxe7 Qxe7 12.Bd3 Nf6 13.O-O O-O 14.Qxb3 Na6 15.Nbd2 Rb8 16.Qc3 Nd5
17.Qc1 c5 18.Ne4 cxd4 19.Nxd4 Nab4 20.Bc4 Nb6 21.Bb5 Bb7 22.Qc5 Qxc5 23.Nxc5 Rfd8
24.Nxb7 Rxd4 25.Rad1 Rxd1 26.Rxd1 Kf8 27.Nc5 Ke7 28.Rd4 N6d5 29.g3 Rc8 30.Nd3 Nxd3
31.Rxd3 Rc2 32.b3 Rc3 33.Kf1 Kd6 34.Rxc3 Nxc3 35.Bd3 h6 36.Ke1 Kc5 37.Kd2 Kb4
38.Kc2 Nd5 39.h3 Nf6 40.Kb2 Nd7 41.h4 Nc5 42.Bc2 e5 43.f3 g5 44.hxg5 hxg5
45.g4 f6 46.a5 Nb7 47.Be4 Nxa5 48.Bd5 Kc5 49.Be4 Nc6 50.Kc3 a5 51.Bg6 Nd4
52.Be4 Nb5+ 53.Kc2 Kb4 54.Bd5 Nd4+ 55.Kb2 f5 56.gxf5 Nxf5 57.Be4 Ne3 58.Bb7 g4
59.fxg4 Nxg4 60.Kc2 Nf6 61.Bc8 Ne4 62.Bb7 Nc5 63.Bd5 e4 64.Bf7 e3 65.Be8  1/2-1/2

[Event "56th ch-RUS"]
[Site "Krasnoyarsk RUS"]
[Date "2003.09.10"]
[Round "7"]
[White "Kornev,Alexe"]
[Black "Dolmatov,S"]
[Result "1-0"]
[WhiteElo "2566"]
[BlackElo "2605"]

1.c4 c6 2.e4 d5 3.exd5 cxd5 4.d4 Nf6 5.Nc3 e6 6.Nf3 Bb4 7.cxd5 exd5 8.Bd3 O-O
9.O-O Nc6 10.Bg5 Be6 11.Re1 h6 12.Bh4 Re8 13.Rc1 Bf8 14.Bb1 g5 15.Bg3 Bg7
16.Ne5 Nd7 17.Nb5 Qb6 18.Qd3 Nf8 19.Nxc6 bxc6 20.Nc7 Bxd4 21.Nxa8 Rxa8 22.b3 a5
23.h4 a4 24.hxg5 hxg5 25.Qd2 f6 26.Bc7 Qxc7 27.Qxd4 Kf7 28.b4 Nd7 29.Qd3 Rh8
30.Qg6+ Kf8 31.Rxe6  1-0

[Event "It"]
[Site "Poitou Charentes FRA"]
[Date "2003.09.10"]
[Round "5"]
[White "Velikov,P"]
[Black "Monteau,L"]
[Result "1-0"]
[WhiteElo "2448"]
[BlackElo "2231"]

1.c4 c6 2.Nf3 d5 3.d4 Nf6 4.e3 a6 5.a4 a5 6.Nc3 e6 7.Bd3 Bb4 8.O-O O-O 9.Ne5 Na6
10.Qe2 Be7 11.Rd1 Nb4 12.e4 dxc4 13.Bxc4 b6 14.Be3 Bb7 15.Rac1 Rc8 16.f3 Qc7
17.Qf2 Rfd8 18.Bf1 Qb8 19.Nb1 c5 20.Nc4 Ba6 21.dxc5 Rxd1 22.Rxd1 Bxc4 23.Bxc4 Bxc5
24.Bxc5 Rxc5 25.Na3 h5 26.b3 Nc6 27.Qd2 Kf8 28.Bb5 e5 29.Nc2 Qc7 30.Bc4 g6
31.Qh6+ Ke8 32.Qh8+ Ke7 33.Qg7 Nd8 34.Ne3 Ne6 35.Qh6 Qc8 36.Nd5+ Nxd5 37.exd5 Nd8
38.Qg5+ Kd6 39.Qf6+ Kc7 40.Qxe5+ Kb7 41.Qe4 Ka7 42.d6  1-0

[Event "ProMoPro Open"]
[Site "Prague CZE"]
[Date "2003.09.10"]
[Round "5"]
[White "Havrlik,P"]
[Black "Masek,M"]
[Result "0-1"]
[WhiteElo "2003"]
[BlackElo "2178"]

1.c4 c6 2.Nf3 d5 3.e3 Nf6 4.b3 Bg4 5.Bb2 e6 6.Be2 Nbd7 7.O-O Bd6 8.d4 O-O
9.Ba3 Bxa3 10.Nxa3 Ne4 11.Qc2 f5 12.h3 Bh5 13.Ne5 Bxe2 14.Qxe2 Nxe5 15.dxe5 f4
16.exf4 Rxf4 17.Qe3 Qg5 18.Nc2 c5 19.cxd5 exd5 20.f3 d4 21.Nxd4 cxd4 22.Qxd4 Nf6
23.Qd6 Nh5 24.Qd5+ Rf7 25.g4 Nf4 26.Qc4 Qxe5  0-1

[Event "GM"]
[Site "Ansfelden AUT"]
[Date "2003.09.12"]
[Round "1"]
[White "Stanec,N"]
[Black "Varga,Zo"]
[Result "1/2-1/2"]
[WhiteElo "2560"]
[BlackElo "2534"]

1.c4 c6 2.e4 d5 3.exd5 cxd5 4.cxd5 Nf6 5.Nc3 Nxd5 6.Nf3 Nc6 7.Bc4 Nb6 8.Bb3 Bf5
9.d4 e6 10.O-O Be7 11.Be3  1/2-1/2

[Event "FSGM September"]
[Site "Budapest HUN"]
[Date "2003.09.14"]
[Round "9"]
[White "Nguyen Ngoc Truongson"]
[Black "Banusz,T"]
[Result "1-0"]
[WhiteElo "2435"]
[BlackElo "2322"]

1.c4 c6 2.g3 d5 3.Bg2 Nf6 4.Nf3 dxc4 5.Qc2 Qd5 6.Nc3 Qh5 7.O-O Bf5 8.Qa4 Bh3
9.Bxh3 b5 10.Qa5 Qxh3 11.a4 Nbd7 12.Qc7 Qe6 13.axb5 c5 14.Rxa7 Rd8 15.Ra6 Qf5
16.d3 cxd3 17.Bf4 Nd5 18.Qxd8+ Kxd8 19.Ra8+ Nb8 20.Rxb8+ Kd7 21.e4 Qh5 22.Nxd5 Qxf3
23.Rb7+ Ke6 24.Rb6+ Kd7 25.Ra1 f6 26.Rb7+ Ke6 27.b6 g5 28.Rc7 gxf4 29.b7 d2
30.Nxf4+ Kf7 31.b8=Q d1=Q+ 32.Rxd1 Qxd1+ 33.Kg2 Qd6 34.Qb3+ Kg7 35.Rxc5  1-0

[Event "GM"]
[Site "Ansfelden AUT"]
[Date "2003.09.17"]
[Round "6"]
[White "Uhlmann,W"]
[Black "Varga,Zo"]
[Result "1/2-1/2"]
[WhiteElo "2451"]
[BlackElo "2534"]

1.c4 c6 2.d4 d5 3.Nc3 dxc4 4.a4 e5 5.Nf3 exd4 6.Qxd4 Qxd4 7.Nxd4 Bc5 8.Nc2 Nf6
9.e4 Ng4 10.Nd1 Be6 11.Nce3 Ne5 12.f4 Nd3+ 13.Bxd3 cxd3 14.Nf2 Na6 15.Nxd3 O-O-O
16.Ke2 Rhe8 17.Nxc5 Nxc5 18.e5 f6 19.f5 Bd5 20.e6 Nb3 21.Ra3 Nd4+ 22.Kf2 Be4
23.Re1 Bxf5 24.Nxf5 Nxf5 25.Bf4 g5 26.Be3 Rxe6 27.Bxa7 Rd2+ 28.Kf1 Rxe1+
29.Kxe1 Rxg2 30.Rf3 Ne7 31.Rxf6 Rxh2 32.Rf7 Ng6 33.Bb6 Rxb2 34.a5 Rb4 35.Rc7+ Kb8
36.Rxh7 Re4+ 37.Kd1 g4 38.Rg7 Ne7 39.Kd2 Kc8 40.Kd3 Re6 41.Rxg4 Kd7 42.Bc5 Nf5
43.a6 bxa6 44.Ra4 Re5 45.Ba7 Rd5+ 46.Kc3 a5 47.Bb6 Nd6 48.Rxa5 Nb5+ 49.Kc2 Kc8
50.Ra4 Rh5 51.Be3 Kd7 52.Rg4 Nd6 53.Rg7+ Ke6 54.Rg6+ Ke7 55.Rg5 Rh4 56.Bc5 Rh2+
57.Kd3 Rh3+ 58.Kc2 Kf6 59.Rg8 Ne4 60.Bd4+ Ke6 61.Rd8 Ke7 62.Rh8 Rg3 63.Rh6 Kd7
64.Rh4 Ng5 65.Rh6 Ne4 66.Rh4 Nd6 67.Bc5 Nb5 68.Rh5 Ke6 69.Kd2 Nc3 70.Bd4 Ne4+
71.Ke2 Ng5 72.Bf2 Rg4 73.Rh4  1/2-1/2

[Event "Osen I"]
[Site "Alushta UKR"]
[Date "2003.09.18"]
[Round "5"]
[White "Khudyakov,A"]
[Black "Danielian,E"]
[Result "1/2-1/2"]
[WhiteElo "2365"]
[BlackElo "2400"]

1.c4 c6 2.Nc3 d5 3.cxd5 cxd5 4.d4 Nf6 5.Bf4 Nc6 6.e3 a6 7.Nf3 Bf5 8.Be2 e6
9.O-O Be7 10.h3 O-O 11.Rc1 Rc8 12.Na4 Nd7 13.a3 b5 14.Nc5 Nxc5 15.dxc5 Bf6
16.Nd4 Bg6 17.Bd6 Re8 18.a4 Nxd4 19.exd4 Qa5 20.axb5 axb5 21.Qb3 Bxd4 22.Rfd1 e5
23.Bxb5 Rb8 24.Bxb8 Rxb8 25.Ra1 Qd8 26.Rxd4 exd4 27.Qa4 d3 28.Rd1 Qe7 29.Bxd3 Bxd3
30.Rxd3 Qxc5 31.Qd4 Qxd4 32.Rxd4 Rxb2 33.Rxd5 g6  1/2-1/2

[Event "GRE-GEO Match m"]
[Site "Athens GRE"]
[Date "2003.09.19"]
[Round "2"]
[White "Jobava,Ba"]
[Black "Mastrovasilis,D"]
[Result "1/2-1/2"]
[WhiteElo "2596"]
[BlackElo "2493"]

1.c4 c6 2.e4 d5 3.exd5 cxd5 4.cxd5 Nf6 5.Qa4+ Nbd7 6.Nc3 g6 7.Bc4 Bg7 8.Nf3 a6
9.d3 O-O 10.Qa3 Nb6 11.Qb3 e6 12.dxe6 Nxc4 13.exf7+ Rxf7 14.dxc4 Ng4 15.O-O Be6
16.Nd5 b5 17.Rd1 bxc4 18.Qxc4 Rd7 19.Re1 Ne5 20.Nxe5 Rxd5 21.Nc6 Re5 22.Rxe5 Bxc4
23.Nxd8 Bxe5 24.Nc6 Bf6 25.Be3 Rc8 26.Nd4 Bxd4 27.Bxd4 Bxa2 28.Bc3 Rd8 29.f3 Bc4
30.Kf2 Bb5 31.Re1 Kf7 32.Re4 Rd5 33.Rf4+ Rf5 34.Rd4 Ke6 35.Rd8 Rd5 36.Rh8 Rd7
37.Kg3 Bf1 38.Kf2 Bb5 39.Bb4 Rc7 40.Bc3 Rd7  1/2-1/2